000 00753nam a2200217Ii 4500
003 JO-AjNU
008 230605s9999||||xx |||||||||||||| ||und||
017 _a2000/1/42
040 _aJO-AjNU
_bara
_erda
_cJO-AjNU
041 _aara
050 1 4 _aPN3157.A5234 2000
100 3 _aتأليف العناني، حنان عبد الحميد,
_eauthor
_98143
245 0 0 _aالدراما والمسرح في تعليم الطفل (منهج وتطبيق)
250 _aط5: مزيدة ومنقحة
264 3 1 _aعمان: دار الفكر، 2000
300 _a190ص
336 _atext
_btxt
_2rdacontent
337 _aunmediated
_bn
_2rdamedia
338 _avolume
_bnc
_2rdacarrier
650 4 _aالمسرح - الدراما - أطفال - تعليم
_98144
999 _aA639
_c4207
_d4207